000 00692nam a2200205Ia 4500
003 GCL
008 140319s9999 xx 000 0 ara d
020 _a9698270977
040 _aGCL /
_cGCL
082 0 4 _a813.009
_bح ن
100 1 _aحسين عيد
245 1 0 _aرواية مجهولة وتجربة فريدة :
_bنجيب محفوظ /
_cحسين عيد
260 _aبيروت :
_bالدار المصرية اللبنانية ،
_c2002
300 _a158 ص ؛
_c17 سم
490 _aذخائر العرب
_v11
650 0 4 _aالادب العربى
650 0 4 _aالقصة العربية- مصر
650 0 4 _aالقصة العربية - تاريخ ونقد
942 _2ddc
_cBK
999 _c33925
_d33925